| 000 | 00540nam a2200169Ia 4500 | ||
|---|---|---|---|
| 003 | OSt | ||
| 005 | 20200320140933.0 | ||
| 008 | 190216s9999||||xx |||||||||||||| ||und|| | ||
| 040 | _coclc | ||
| 082 |
_a297.63 _bHAY/L |
||
| 100 |
_aHaykal, Muḥammad Ḥusayn, _d1888-1956 |
||
| 245 | 4 |
_aThe life of Muḥammad = Hayat-e-Muhammad / _c Muḥammad Ḥusayn Haykal |
|
| 260 |
_bNew Crescent Publishing, _c1992. _aDelhi |
||
| 300 | _a640p | ||
| 650 | _aIslamic History | ||
| 942 |
_cBK _2ddc _h297.63 _iHAY/L _k297.63 _mHAY/L |
||
| 999 |
_c23499 _d23499 |
||